Les Musées français les plus visités - Statistiques

Statistiques générales
  • Ce quiz a été pris 63 fois
  • Le résultat moyen est 3 sur 10
Statistiques - réponses
Hint Réponse % Correct
10.2M Le Musée du Louvre
98%
3.2M Le Musée d'Orsay
72%
3.5M Le Centre Pompidou
34%
1.3M Le MUCEM
20%
990K Le Musée de l'Orangerie
20%
1.22M Le Musée du quai Branly
18%
1.21M Le Petit Palais
11%
1.1M Le Grand Palais
10%
2.2M La Cité des sciences
7%
1.2M Le Musée des Armées
3%
Aucun quiz correspondant
Distribution des résultats
% des personnes avec chaque résultat
Percentile par nombre de réponses
Votre historique - résultats
Vous n’avez pas pris ce quiz